Puteri Santubong & Puteri Sejinjang

Bibliographic Details
Main Author: Lutea Adilla
Format: Book
Published: Selangor : JS Adiwarna Publications & Distributors Sdn Bhd , 2015
Series:Siri sayangku adiwarna
Subjects:

MARC

LEADER 00000cam a2200000 7i4500
001 0000067883
005 20161115.0
008 161113
020 |a 9789670757056 
090 0 0 |a JP CT   |b MAL 
100 0 |a Lutea Adilla 
245 1 0 |a Puteri Santubong & Puteri Sejinjang   |c penulis:Lutea Adilla; ilustrasi:Syafiq Alia'm; Editor:Noor Suraya 
260 |a Selangor :   |b JS Adiwarna Publications & Distributors Sdn Bhd ,   |c 2015 
300 |a 27p. :   |b col. ill. ;   |c 25cm. 
490 1 |a Siri sayangku adiwarna 
500 |a 3-6 years old (kuning) 
650 0 |a Children stories   |x Malay 
650 0 |a Historical fiction   |x Malay 
650 0 |a Tales   |z Malaysia 
999 |a 0001404448   |b Book   |c Children Collection   |e Cawangan Taman Universiti 
999 |a 0001404449   |b Book   |c Children Collection   |e Cawangan Taman Sri Lambak 
999 |a 0001404450   |b Book   |c Children Collection   |e Cawangan Bukit Gambir 
999 |a 0001404451   |b Book   |c Children Collection   |e Cawangan Pontian 
999 |a 0001404452   |b Book   |c Children Collection   |e Cawangan Segamat 
999 |a 0001404453   |b Book   |c Children Collection   |e Cawangan Bandar Tenggara 
999 |a 0001404454   |b Book   |c Children Collection   |e Cawangan Kota Tinggi 
999 |a 0001404455   |b Book   |c Children Collection   |e Cawangan Tmn. Ungku Tun Aminah 
999 |a 0001404456   |b Book   |c Children Collection   |e Cawangan Mersing 
999 |a 0001404457   |b Book   |c Children Collection   |e Cawangan Bandar Penawar 
999 |a 0001404458   |b Book   |c Children Collection   |e Cawangan Tangkak 
999 |a 0001404459   |b Book   |c Children Collection   |e Cawangan Batu Pahat 
999 |a 0001404460   |b Book   |c Children Collection   |e Cawangan Muar 
999 |a 0001404461   |b Book   |c Children Collection   |e Cawangan Sri Merlong 
999 |a 0001405775   |b Book   |c Children Collection   |e Cawangan Batu Pahat 
999 |a 0001405776   |b Book   |c Children Collection   |e Cawangan Bukit Gambir 
999 |a 0001405778   |b Book   |c Children Collection   |e Cawangan Taman Sri Lambak 
999 |a 0001405779   |b Book   |c Teenagers   |e Cawangan Bandar Tenggara 
999 |a 000140779   |b Book   |c Children Collection   |e Cawangan Bandar Tenggara 
999 |a 0001408220   |b Book   |c Children Collection   |e Perbadanan Perpustakaan Awam Johor 
999 |a 0001408222   |b Book   |c Children Collection   |e Cawangan Urban Transformation Centre